000 00935cam a2200253u 4500
001 32746
003 BD-RjUL
005 20211209051904.0
008 140428r19631914ne 000 0 ara
035 _a(BD-RjUL)32836
040 _aDLC
_cCarP
_dDLC
_dBD-RjUL
_beng
041 _aeng
082 _a297.6
_bSAK 1963
100 1 _aSarrāj, Abū Naṣr,
_d-988.
_999589
245 1 4 _aThe Kitáb al-lumaʼ fi l-Taʼsawwuf of Abú Naṣṛ Abdalah d. :
_bEdited for the first time, with critical notes, abstract of contents, glossary, and indices /
_cby Reynold Alleyne Nicholson.
260 _aLeyden ;
_bE. J. Brill:
_aLondon,
_bLuzac & co.,
_c1914 [Reprinted 1963].
300 _a7 p.l., 154, 12, 472 p. ;
_c25 cm.
650 0 _aSufism. [from old catalog]
_999590
700 1 _aNicholson, Reynold Alleyne,
_d1868-1945.
_966384
942 _2ddc
_cBK
999 _c32746
_d32746